1248 1087 1003 1687 1819 1629 1102 1483 1691 1232 1496 1345 1246 1905 1242 1415 1276 1394 1282 1119 1401 1224 1162 1444 1604 1562 1350 1637 1938 1712 1162 1671 1629 1718 1146 1011 1586 1050 1943 1602 1171 1646 1071 1117 1825 1189 1957 1426 1926 1496 1981 1620 1744 1315 1166 1232 1080 1860 1161 1162 1807 1974 1212 1347 1543 1210 1350 1090 1501 1780 1322 1004 1892 1555 1842 1039 1068 1410 1412 1418 1601 1480 1458 1044 1976 1627 1838 1701 1496 1783 1974 1985 1835 1322 1152 1202 1368 1704 1253 BCNSPRNW ULIB Ver.6.0+V

เปลี่ยนเป็นภาษาไทย

Change to English
 แสดงรายละเอียดบรรณานุกรม
  กลับหน้าหลัก

Brief Record : Get Marc (ISO 2709) : E-mail record : QR code < ปิดหน้าต่าง
LEADER : 00000nam 2200000uu 4500
001    13399114501
003     ULIB
008    120410s||||||||th 000 0 tha d
020    6167007106
100 0  เฟื่องฝน
245 00 บันทึกเฮฮา คุณหนูพยาบาลจอมจุ้น
945    ^p165^l0^i026862
999 ^a ใช้งานได้ทุกระบบ
รายการนี้ยังไม่มีแท็ก
คุณยังไม่ได้ล็อกอิน คุณสามารถมีกิจกรรมร่วมกับเว็บไซต์ได้ แต่ต้องล็อกอินก่อน ::
  ล็อกอิน

รายการสื่อสารสนเทศ

ลำดับที่ ประเภท เลขเรียก/บาร์โค้ด สถานที่ สถานะ
- ไม่พบข้อมูล -

รายการใกล้เคียง
    ผู้แต่ง [เฟื่องฝน]

BibComment


ยังไม่เคยถูกคอมเมนท์

คอมเมนท์ทรัพยากรรายการนี้
  คอมเมนท์: บันทึกเฮฮา คุณหนู..


 Copyright 2026. Bcnsprnw @Library